000 00885nam a22001935i 4500
001 163598
003 ES-MaACL
005 20250823063121.0
008 020305s1864 sp |||| | spa d
040 _aCAM
_bspa
_cCAM
100 1 _aRivera, Luis,
_d1826-1872
_9131869
245 1 3 _aLa profecía
_b: drama histórico, en cuatro actos y en verso /
_csu autor Luis Rivera.
260 _aMadrid :
_b[s.n.],
_c1864 (
_fImprenta de F. Martínez García)
300 _a74 p. ;
_c19 cm.
500 _aEn port.: Estrenado en el teatro de Novedades en octubre de 1864.
596 _aEn p. 5 consta : "... Francisco Rubio, dueño de la Administración general de obras dramáticas y líricas"
852 _aES-MaACL
_jF-8586(8)
_z-- Enc. pasta española
_z-- Enc. en un vol. facticio formando parte de la col. facticia "Teatro español moderno", vol. 39
999 _c163598
_d163598